01009nam a2200241 a 450000100100000000500170001000800410002704000250006808200200009310000540011324500640016726000380023130000200026950000330028950000630032259000260038565000280041165000310043991000380047095201180050895201240062699900170075000001711920240412074245.0100317s2000 dr r 000 p spa d aDO-SdBNPbspacBNPHU aRD861.44bG216t1 aGarcía Ariza, Quirogas Beethoven,d1966-93772110aTiempo, sudor y deseo /cQuirogas Beethoven García Ariza. a[Santo Domingo :b[s.n.],c200?]. a92 p. ;c22 cm. aDatos tomados de la cubierta aIncluye datos biográficos del autor en la contracubierta aInventariado, 2018/BT 0aPoesía dominicana966 0aLiteratura dominicana.967 aValidado. Control de calidad. EMS 0010718PDaPDbPDcHDd2010-03-17iLF1l0oRD861.44 G216tp17119-10r2020-06-25w2020-06-25yLFPDZNo se presta 0010718PDaPDbPDcHDd2010-03-17iLF1l0oRD861.44 G216tp17119-20r2020-06-25te. 2w2020-06-25yLFPDZNo se presta c16645d16645